| 000 | 00780cac a2200253 a 4500 | ||
|---|---|---|---|
| 003 | Co-PeBPM | ||
| 005 | 20250525194533.0 | ||
| 008 | 231129e1999||||xx |||||||||||||| ||spa|| | ||
| 040 | 0 |
_aCo-PeBPM _bspa _cCo-PeBPM _erda |
|
| 041 | _aspa | ||
| 082 | 0 | 4 |
_a417.2 L925c _222 |
| 100 | 1 | _aLozano Ramirez, Mariano | |
| 245 | 1 | 0 |
_aContribución Al Estudio Del Apodo En El Habla Bogotana _c/Mariano Lozano Ramírez |
| 260 |
_aBogotá, Colombia _b:Editorial Instituto Caro y Cuervo _c,1999 |
||
| 300 |
_a400 Páginas _c;21 Centímetros |
||
| 490 | _aSeries Minor XLI | ||
| 500 | _aIncluye Índice. | ||
| 504 | _aIncluye Bibliografía. | ||
| 650 | 1 | 4 |
_2LEMB _aApodos |
| 650 | 1 | 4 |
_2LEMB _aEpítetos |
| 650 | 1 | 4 |
_2LEMB _aLingüística |
| 650 | 1 | 4 |
_2LEMB _aInvestigaciones |
| 942 |
_2ddc _cBK |
||
| 999 |
_c8060 _d8060 |
||